000 00879nas a2200277 4500
001 BR2016001312
003 BR-BrBNA
005 20231205130239.0
007 ta
008 230509b bl.|||p| |||| 00| 00por d
040 _aBR-BrBNA
_bpor
_cBiblioteca Nacional de Agricultura
041 _a(Es)
072 _aM12; L60
100 1 _aZaracho, V.H.
100 1 _aLavilla, E.O.
245 1 _aDiversidad, distribución espacio-temporal y turnos de vocalización de anuros (Amphibia, Anura)men un área ecotonal del nordeste de Argentina
650 _aHISTÓRIA
650 _aANFÍBIO
650 _a
650 _aSAPO
650 _aFLUTUAÇÃO POPULACIONAL
650 _aESPÉCIE
773 0 _tIheringia. Série Zoologia (Brazil)
_xISSN 0073-4721
_g(Jun 2015), v. 105(2) p. 199-208
_wBR2016001312
909 _a202311
_bLúcia
_c55
_dLúcia Elande
942 _2AGRIS
_n0
_cANA
999 _c248448
_d248448